000 00235 a2200097 4500
001 18977
100 _aA S M E
245 _aInstruments & Apparatus (Supplement) Power Test Codes Pt-20
260 _a
_bA S M E
_c
090 _c14062
_d14062
942 _aNUST-CAE
_cM
_c4517
999 _c254050
_d254050